| 000 | 00984nam a2200277 i 4500 | ||
|---|---|---|---|
| 001 | 45814 | ||
| 003 | ES-MaACL | ||
| 005 | 20250812022435.0 | ||
| 007 | t| | ||
| 008 | 030327q1885 fr ||||1| fre d | ||
| 100 | 1 |
_aCollignon, Maxime. _939712 |
|
| 245 | 1 | 0 |
_aManuel d'archéologie grecque / _cpar Maxime Collignon. |
| 250 | _aNouvelle éd. | ||
| 260 |
_aParis : _bA. Quantin, _c[1885?] |
||
| 300 |
_a368 p. : _bil. ; _c21 cm. |
||
| 490 | 1 | _aBibliothèque de l'enseignement des beaux-arts | |
| 504 | _aReferencias bibliográficas. | ||
| 530 | _aDisponible en formato digital. | ||
| 650 | 7 |
_aRestos arqueológicos griegos _2embne _9173274 |
|
| 650 | 7 |
_aArte griego _2embne _910221 |
|
| 651 | 4 |
_aGrecia- _xRestos arqueológicos. _9157346 |
|
| 830 | 1 |
_aBibliothèque de l'enseignement des beaux-arts _9181140 |
|
| 852 |
_aES-MaACL _jB-2513 |
||
| 856 | 4 |
_uhttps://archive.org/details/manueldarcholo00coll/page/n7/mode/2up _zInternet Archive |
|
| 999 |
_c45814 _d45814 |
||